|
|
|
|
| LEADER |
00000nab a2200000 a 4500 |
| 001 |
vtls000672206 |
| 003 |
SK-MaSNL |
| 005 |
20260304094925.0 |
| 008 |
250425c1998 xo 0 slo |
| 015 |
|
|
|a SNBRB1998/09-26975
|
| 035 |
|
|
|a CLN000024382
|
| 035 |
|
|
|a urn:nbn:sk:snk-abbs3h
|
| 035 |
|
|
|a (urnnbn)urn:nbn:sk:snk:ar-0000ea
|
| 035 |
|
|
|a (uuid)d75aa07c-ec2e-4629-988d-3fb6f9bc4fb9
|
| 040 |
|
|
|a SNKBUCL
|b slo
|c SNKBUCL
|e AACR2
|
| 041 |
0 |
|
|a cze
|
| 044 |
|
|
|a xo
|c SK
|
| 080 |
|
|
|a 885.0-1
|2 1997
|
| 100 |
1 |
|
|a Dryje, František,
|d 1951-
|4 aut
|9 166746
|
| 245 |
1 |
0 |
|a Z cyklu Úderem oka
|c František Dryje
|
| 505 |
1 |
|
|a Obsahuje básne: Do tváře ; Doktor Vražda E. ; Úderem oka
|
| 650 |
0 |
7 |
|a surrealistické básne, české
|2 snkbucl
|9 15063
|
| 655 |
|
7 |
|a články z novín a časopisov
|2 snkbucl
|9 267496
|
| 773 |
0 |
|
|t Romboid
|g Roč. 33, č. 5 (1998), s. 50-55
|x 0231-6714
|
| 850 |
|
|
|a Slovenská národná knižnica
|
| 852 |
|
|
|a Slovenská národná knižnica
|
| 958 |
|
|
|a article15
|
| 958 |
|
|
|a OND
|
| 958 |
|
|
|a LX
|
| 958 |
|
|
|a CZ
|
| 958 |
|
|
|a EUIPO
|
| 992 |
|
|
|a RBX
|
| 999 |
|
|
|c 2829709
|d 2831639
|